Goya

Furkejuvvon:
Bibliográfalaš dieđut
Materiálatiipa: Girji
Giella:eaŋgalasgiella
Almmustuhtton: Londres Royal Academy of Arts in London 1960
Fáttát:
Fáddágilkorat: Lasit fáddágilkoriid
Eai fáddágilkorat, Lasit vuosttaš fáddágilkora!

MARC

LEADER 00000nam a2200000 a 4500
001 UCU9183
003 CL-VaPUC
008 960809e19600000UK |||||||||||||||||eng|d
082 0 4 |a 759.04  |b GOY  |2 21 
245 1 0 |a Goya 
300 |a 62 p 
942 |c BK 
945 |d 19960809 00:00:00  |a rleighto 
260 |a Londres  |b Royal Academy of Arts in London  |c 1960 
600 0 |a Goya y Lucientes, Francisco José de   |9 315215 
650 0 |a Pintura española   |9 315217 
650 0 |a Pintores españoles  |9 315216 
650 0 |a Obras de arte  |9 337253 
650 0 |a Artistas   |9 262026 
650 7 |a EXPOSICIONES CULTURALES  |2 CL-VaPUC  |9 368279 
650 0 |a Colecciones artísticas   |9 348038 
583 |a last modification  |c 19960809 00:00:00  |k Rodrigo Vera 
999 |c 251050  |d 251048 
952 |0 0  |1 0  |4 0  |6 759_040000000000000_GOY_1960  |7 0  |8 A  |9 269983  |a BIBARQ  |b BIBARQ  |d 2019-11-19  |i 3217175  |o 759.04 GOY 1960  |p 3217175  |r 2025-01-20  |w 2019-11-19  |y BK  |k ARQ